All about science and technology

Bibliographic Details
Main Author: Singleton,Glen
Other Authors: Frank,Michael
Format: Book
Published: Kuala Lumpur : Gema Insan , 2006
Series:All about science series
Subjects:

MARC

LEADER 00000cam a2200000 7i4500
001 0000007246
005 20151222.0
008 070829
020 |a 983570144X 
090 0 0 |a SC   |b ENG 
100 1 |a Singleton,Glen 
245 1 0 |a All about science and technology   |c Glen Singleton & Michael Frank 
260 |a Kuala Lumpur :   |b Gema Insan ,   |c 2006 
440 0 |a All about science series 
500 |a Children ages 10-12 years old (pink) 
650 0 |a Science   |x Study and teaching 
700 1 |a Frank,Michael 
999 |a 0000989041   |b Book   |c Children Collection   |e Perbadanan Perpustakaan Awam Johor 
999 |a 0000989042   |b Book   |c Children Collection   |e Perbadanan Perpustakaan Awam Johor 
999 |a 0000989043   |b Book   |c Children Collection   |e Cawangan Taman Sri Lambak 
999 |a 0000989044   |b Book   |c Children Collection   |e Cawangan Taman Sri Lambak